[Event "AUT-chT2W 2223"]
[Site "Austria"]
[Date "2023.04.22"]
[Round "10.6"]
[White "Moosbrugger, Alexander"]
[Black "Monninger, Moritz Franz"]
[Result "0-1"]
[WhiteElo "1915"]
[BlackElo "2107"]
[PlyCount "38"]
[EventDate "2022.09.23"]
[EventType "team-tourn"]
[EventRounds "11"]
[EventCountry "AUT"]
[SourceTitle "EXT 2024"]
[Source "ChessBase"]
[SourceDate "2023.10.10"]
[SourceVersion "1"]
[SourceVersionDate "2023.10.10"]
[SourceQuality "1"]
[WhiteTeam "Bregenz"]
[BlackTeam "Kufstein/Woergl"]
[WhiteTeamCountry "AUT"]
[BlackTeamCountry "AUT"]

1. c4 e6 2. Nc3 d5 3. d4 Nf6 4. Nf3 Be7 5. Bf4 0-0 6. e3 b6 7. Rc1 Bb7 8. cxd5 Nxd5 9. Nxd5 Qxd5 10. Rxc7 Bb4+ 11. Nd2 Na6 12. Rc2 Rac8 13. a3 Rxc2 14. Qxc2 Rc8 15. Qb1 Bxd2+ 16. Kxd2 Nc5 17. f3 Nb3+ 18. Ke2 Rc1 19. Qd3 Qa5 0-1

[Event "AUT-chT 2122"]
[Site "Austria"]
[Date "2022.03.25"]
[Round "6.3"]
[White "Prinzjakowitsch, Bernhard"]
[Black "Moosbrugger, Alexander"]
[Result "1-0"]
[WhiteElo "2086"]
[BlackElo "1959"]
[PlyCount "71"]
[EventDate "2021.11.04"]
[EventType "team-tourn"]
[EventRounds "11"]
[EventCountry "AUT"]
[SourceTitle "EXT 2023"]
[Source "ChessBase"]
[SourceDate "2022.10.05"]
[SourceVersion "1"]
[SourceVersionDate "2022.10.05"]
[SourceQuality "1"]
[WhiteTeam "Pamhagen"]
[BlackTeam "Bregenz"]
[WhiteTeamCountry "AUT"]
[BlackTeamCountry "AUT"]

1. e4 e5 2. Nf3 Nc6 3. Bc4 Bc5 4. c3 Nf6 5. d3 d6 6. b4 Bb6 7. 0-0 h6 8. Qb3 0-0 9. Re1 Qe7 10. a4 a6 11. Be3 Be6 12. Nbd2 Rad8 13. Bxb6 cxb6 14. Bd5 Bg4 15. Bc4 Qd7 16. h3 Be6 17. Nh4 Kh8 18. Bxe6 fxe6 19. Ng6+ Kh7 20. Nxf8+ Rxf8 21. Nc4 Qd8 22. b5 axb5 23. Qxb5 Nd7 24. Rab1 Na7 25. Qb4 Nc8 26. Re3 Qh4 27. Rb2 Nc5 28. Rg3 Qh5 29. Rd2 Qe8 30. Nxb6 Nxb6 31. Qxb6 Qd7 32. a5 Ra8 33. d4 Nxe4 34. Qb1 d5 35. f3 exd4 36. fxe4 1-0

[Event "AUT-chT 2122"]
[Site "Austria"]
[Date "2021.11.05"]
[Round "2.4"]
[White "Moosbrugger, Alexander"]
[Black "Novkovic, Milan"]
[Result "0-1"]
[WhiteElo "1959"]
[BlackElo "2355"]
[PlyCount "82"]
[EventDate "2021.11.04"]
[EventType "team-tourn"]
[EventRounds "11"]
[EventCountry "AUT"]
[SourceTitle "CBM 205 Extra"]
[Source "ChessBase"]
[SourceDate "2022.01.31"]
[SourceVersion "1"]
[SourceVersionDate "2022.01.31"]
[SourceQuality "1"]
[WhiteTeam "Bregenz"]
[BlackTeam "Hohenems"]
[WhiteTeamCountry "AUT"]
[BlackTeamCountry "AUT"]

1. e4 c5 2. Nf3 e6 3. Nc3 a6 4. d4 cxd4 5. Nxd4 Qc7 6. Bd3 Nf6 7. h3 Nc6 8. Nde2 Bc5 9. a3 d6 10. Bg5 Qe7 11. Qd2 b5 12. Be3 Bb7 13. 0-0 0-0 14. b4 Bxe3 15. Qxe3 Qc7 16. Rad1 Ne5 17. f4 Nxd3 18. Rxd3 Rfd8 19. f5 e5 20. Qg5 h6 21. Qh4 d5 22. Rg3 Kh7 23. exd5 Bxd5 24. Nxd5 Rxd5 25. Rc3 Qd7 26. Qe1 Ne4 27. Qh4 Nxc3 28. Nxc3 Rd4 29. Qg3 f6 30. Qg6+ Kh8 31. Rf3 Qe8 32. Qg3 Rc8 33. Qe1 Qc6 34. Re3 Rc4 35. Ne4 Rxc2 36. Qg3 Rd8 37. Qg6 Qb6 38. Nc5 Rxc5 39. bxc5 Qxc5 40. Qg3 Rd3 41. Kf2 Rxa3 0-1

[Event "AUT-chT 9596"]
[Site "Vorarlberg"]
[Date "1995.??.??"]
[Round "7"]
[White "Moosbrugger, Alexander"]
[Black "Schenkenfelder, Roland"]
[Result "0-1"]
[WhiteElo "1635"]
[BlackElo "1870"]
[PlyCount "88"]
[EventDate "1995.??.??"]
[EventType "team"]
[EventRounds "9"]
[EventCountry "AUT"]
[SourceTitle "EXT 1999"]
[Source "ChessBase"]
[SourceDate "1998.11.16"]
[SourceVersion "1"]
[SourceVersionDate "1998.11.16"]
[SourceQuality "1"]

1. e4 e6 2. d4 d5 3. e5 c5 4. Nf3 Nc6 5. c4 dxc4 6. Bxc4 Nxd4 7. 0-0 Ne7 8. Nc3 Nec6 9. Ne4 Nxf3+ 10. Qxf3 Nxe5 11. Qe2 Nxc4 12. Qxc4 Qd5 13. Qe2 Be7 14. Bf4 0-0 15. Rfd1 Qf5 16. Bg3 b6 17. Nd6 Bxd6 18. Rxd6 Bb7 19. Rad1 Qe4 20. Qf1 Bd5 21. a3 Bc4 22. f3 Qe3+ 23. Bf2 Bxf1 24. Bxe3 Bc4 25. Rd7 Bd5 26. Bf4 f6 27. Bc7 Rf7 28. Rxf7 Kxf7 29. Bg3 Rc8 30. Kf2 a6 31. Ke3 b5 32. Be1 Ke7 33. Rc1 e5 34. g3 Rc6 35. f4 exf4+ 36. Kxf4 Re6 37. g4 Re4+ 38. Kg3 Re3+ 39. Kf2 Rf3+ 40. Ke2 Kd6 41. Rd1 Rb3 42. Bg3+ Ke6 43. Rd2 Bc4+ 44. Kf2 Rd3 0-1